Knowledge management in theory and practice / (Registro nro. 8464)

Detalles MARC
000 -CABECERA
Campo de control 00830nam a22002657a 4500
005 - FECHA Y HORA DE LA ULTIMA TRANSACCION
Campo de control 20140529020002.0
008 - ELEMENTOS DE LONGITUD FIJA—INFORMACION GENERAL
Campo de control 140528b2011 xxu||||| |||| 00| 0 eng d
020 ## - ISBN
ISBN 9780262015080
041 ## - IDIOMA
Código de idioma para texto/pista de sonido o título separado Inglés
044 ## - PAÍS DE PUBLICACIÓN
País de publicación Estados Unidos
082 00 - NUMERO DE CLASIFICACION DECIMAL DEWEY
Número de clasificación 658.4
Número del ítem D143k
100 1# - ASIENTO PRINCIPAL--NOMBRE PERSONAL
Nombre personal Dalkir, Kimiz.
245 10 - MENCION DE TITULO
Título Knowledge management in theory and practice /
Parte restante del título Kimiz Dalkir ; foreword by Jay Liebowitz.
250 ## - MENCION DE EDICION
Mención de edición 2nd ed.
260 ## - PUBLICACION, DISTRIBUCION, ETC. (PIE DE IMPRENTA)
Lugar de publicación, distribución, etc. Cambridge, Mass
Nombre del editor, distribuidor, etc. MIT Press
Fecha de publicación, distribución, etc. c2011
300 ## - DESCRIPCION FISICA
Extensión xv, 485 p.
Otros detalles físicos il.
Dimensiones 24 cm.
504 ## - NOTA DE BIBLIOGRAFIA, ETC.
Nota de bibliografía Incluye referencias bibliográficas e índice.
505 ## - NOTA DE CONTENIDO
Nota de contenido What is knowledge management?
505 ## - NOTA DE CONTENIDO
Nota de contenido History of knowledge management
505 ## - NOTA DE CONTENIDO
Nota de contenido Why is km important today?
505 ## - NOTA DE CONTENIDO
Nota de contenido Key points
505 ## - NOTA DE CONTENIDO
Nota de contenido Discussion points
650 ## - ASIENTO SECUNDARIO DE MATERIA - TERMINO TEMATICO
Término temático o nombre geográfico como elemento de entrada Knowledge management
942 ## - ELEMENTOS ADICIONALES (KOHA)
Sistema de clasificación Dewey Decimal Classification
Tipo de ítem Impreso
Koha issues (borrowed), all copies 1
Existencias
Withdrawn status Lost status Sistema de Clasificación Damaged status No para préstamo Colección Inventariado Ubicación Permanente Ubicación actual Fecha de adquisición Fuente de Valor Valor Total Checkouts Número topográfico Inventario / Código de Barras Date last seen Date checked out Ejemplar Price effective from Forma de adquisición Tipo de material
    Dewey Decimal Classification     General Inventariado 2017 Bogotá Bogotá 28/05/2014 Instituto 39000.00 1 LB-658.4 D143k 038063 28/05/2014 28/05/2014 Ej. 1 28/05/2014   Libro